LEADER 00991nam0-2200325---450- 001 990008759160403321 005 20090402104514.0 010 $a0-904498-16-6 035 $a000875916 035 $aFED01000875916 035 $a(Aleph)000875916FED01 035 $a000875916 100 $a20081118d1984----km-y0itay50------ba 101 0 $aeng 102 $aGB 105 $aa-------001yy 200 1 $aMolecular variants of proteins$ebiosynthesis and clinical relevance$forganized and edited by P.N. Campbell and C.F. Phelps 210 $aLondon$cBiochemical Society$d1984 215 $ax, 191 p.$cill.$d25 cm 225 1 $aBiochemical Society symposium$v49 676 $a574.19$v19 702 1$aCampbell,$bPeter Nelson$f<1921- > 702 1$aPhelps,$bCharles Frederick 801 0$aIT$bUNINA$gRICA$2UNIMARC 901 $aBK 912 $a990008759160403321 952 $aC 2c 8$b3182/CB1$fDMBBM 959 $aDMBBM 996 $aMolecular variants of proteins$9810352 997 $aUNINA LEADER 00894nam0-22003251i-450- 001 990003161280403321 035 $a000316128 035 $aFED01000316128 035 $a(Aleph)000316128FED01 035 $a000316128 100 $a20000920d1960----km-y0itay50------ba 101 0 $aeng 102 $aIT 200 1 $a<>Portable Veblen$fEdited, and with an Introduction, by Max Lerner. 205 $aFourth Printing. 210 $aNew York$cViking$d1960. 215 $aVII, 632 p.$d18 cm 225 1 $a<>Viking Portable Library 610 0 $aIstituzionalismo 610 0 $aVeblen, Thorstein 676 $aD/6 702 1$aLerner,$bMax 702 1$aVeblen,$bThorstein$f<1857-1929> 801 0$aIT$bUNINA$gRICA$2UNIMARC 901 $aBK 912 $a990003161280403321 952 $aD/6 VEB$b023508$fSES 959 $aSES 996 $aPortable Veblen$9458908 997 $aUNINA